000 01376nam a22003977a 4500
003 CHAP
005 20220329141434.0
008 971013s1981 r 00010 d
010 _a68122
011 _a69094
035 _a78568
040 _cCHAP
082 _a628.13
_bH8
100 0 0 _aHutchinson, C. F.
_957024
245 _aRainfall collection for agriculture in arid and semiarid regions
260 _aSlough :
_bC.A.B.,
_c1981
300 _a97 h.
_b: ilus.; mapas
500 _ac.1 en fotocopia
590 _aBATCH-UPD
_b10
_c20130110
_lUCH01
_h0100
590 _aBATCH-UPD
_b10
_c20130110
_lUCH01
_h0822
590 _aBATCH-UPD
_b10
_c20130409
_lUCH01
_h2050
590 _aBATCH-UPD
_b10
_c20130410
_lUCH01
_h0459
590 _aBATCH-UPD
_b10
_c20130914
_lUCH01
_h0310
590 _aCONVERSION
_b10
_c20130109
_lUCH01
_h1337
650 1 4 _aAgricultura
_xRegiones áridas.
_91781
650 1 4 _aAgua
_xAlmacenamiento.
_92279
650 1 4 _aLluvia
_xEfecto en agricultura.
_967320
650 1 4 _aRegiones áridas
_xAgricultura.
_995670
700 0 _aAnaya Garduño, Manuel.
_95501
700 0 _aDutt, G. R.
_934761
901 _aBK
942 _cLIBRO
949 _a628.13 H8
_bBC
_cLIBRO
_d33724000024782
_eLIBRO
_h70796
_i78568
_si
949 _a628.13 H8
_bBC
_cLIBRO
_d33724000162848
_eLIBRO
_fc.2
_h59767
_i78568
_si
949 _a631.586 D8
_bZA
_cLIBRO
_d-144933
_eLIBRO
_h5030
_i78568
_si
999 _c68122
_d68122